000 00997nam a22001697a 4500
003 NUST
005 20221208103912.0
008 221208b ||||| |||| 00| 0 eng d
020 _a978-81-203-4849-3
082 _a530.23, VER
100 _aVerma, N.K
_9104427
245 _aPhysics for Engineering:
_cN.K Verma
260 _aIndia
_bPHI Press
_c2014
300 _axxi, 573: pages
505 _aSpecial Theory of Relativity (Page-1), Nuclear Physics (Page-35), Quantum Physics (Page-67), Elements of Crystallography (Page-123), Free Electronic Theory of Metals (Page-151), Magnetic Materials and Superconductivity (Page-167), Band Theory of Solids (Page-189), Semiconductors (Page-199), Dielectrics (Page-216), Nanophysics (Page-234), Electromagnetic Waves (Page-257), Interference (Page-304), Diffraction (Page-350), Polarisation (Page-387), Lasers (Page-423), Fiber Optics (Page-468), Ultrasonics (Page-488), Acoustics of Building (Page-505), Oscillations (Page-525).
942 _2ddc
_cBK
999 _c592628
_d592628